000 00517nam a2200145Ia 4500
008 231129s1984||||xx |||||||||||||| ||spa||
020 _a958-95030-1-2
040 _bspa
082 _a370.9861 B562do
100 _aBetancur Mejí­a Gabriel
245 0 _aDocumentos para la historia del planeamiento integral de la educación: Informe del proyecto para el primer plan quinquenal de educación
260 _c1984
264 _aUniversidad Pedagógica Nacional
942 _2ddc
_cBKS
999 _c9726
_d9726